00766cam a2200229 a 450000100060000000300100000600500170001600800410003302000150007403500140008904000250010308200260012810000250015424500560017926000500023530000350028550000200032065000450034094200120038599900170039795201220041438229(BD-RjUL)20211209052744.0970710s1997 cau 001 0 eng d a8176562807 a(BD-RjUL) aCU-Sc(BD-RjUL)dDLC00a005.133221bALH 20001 aAllen, Mitch911821110aHands On Java Beans /cMitch Allen & John B. Harvie aNew Delhi, India :bBPB Publications,cc2000. axxiv, 447 p. :bill. ;c24 cm. aIncludes index. 0aJava (Computer program language)9118206 2ddccBK c38229d38229 00102ddc4071aICEbICEcSeminar Libraryd2015-10-11l0o005.133 ALH 2000r2015-10-11 00:00:00tC.1w2015-10-11yBK